000 01236nam a2200181 4500
001 1656
005 20230410103953.0
008 060907n1999 dr spa
035 _9funglode1664
041 _aES
050 1 4 _aC183u 1999
100 _aCamilleri, Andrea
245 1 _aUn mes con Montalbano /
_cAndrea Camilleri
260 _aBarcelona :
_bEmecé Editores,
_c1999
300 _a397 p.
520 _aEl anónimo, 15. -- El arte de la adivinación, 29. -- Las siglas, 41. -- Par condicio, 51. -- Amor, 63. -- Una giganta de amable sonrisa, 79. -- Un diario del 43, 95. -- El olor del diable, 111. -- El compañero de viaje, 121. -- Una trampa para gatos, 127. -- Milagros de trieste, 139. -- +caro, 147. -- La advertencia, 169. -- Being here, 181. -- El pacto, 191. -- Lo que contó Aulo Gelio, 199. -- El viejo ladrón, 209. -- La vidente, 221. -- Policías y ladrones, 233. -- Mano de artista, 239. -- El hombre que iba a los entierros, 269. -- Un asunto delicado, 277. -- El yac, 291. -- Los dos filósofos y el tiempo, 299. -- Cincuenta pares de zapatos claveteados, 309. -- La rata muerta, 323. -- Un rincón del paraíso, 335. -- Fin de año, 345. -- El tirón, 365. -- Doble móvil, 377
942 _2lcc
_cbk
999 _c29473
_d29473